000 00532nam a22001817a 4500
005 20251108164723.0
008 250721s1966 xx 000 0 ara d
082 1 4 _a812.962/أمي
100 1 _aإبراهيم، أمين محمد
245 1 0 _aالبرهان :
_bمسرحية /
264 1 _aالقاهرة :
_bالدار القومية للنشر،
_c1966.
300 _a94ص
490 0 _aالكتاب الماسي
650 1 7 _aالمسرحيات العربية
650 1 7 _aمصر
942 _2ddc
_cBK
999 _c12691
_d12691